Exceptionally dangerous (Record no. 74066)

MARC details
000 -LEADER
fixed length control field 01049cab a2200277 4500
001 - CONTROL NUMBER
control field ABS67455
008 - FIXED-LENGTH DATA ELEMENTS--GENERAL INFORMATION
fixed length control field 040123n2004 000 0 eng u
035 ## - SYSTEM CONTROL NUMBER
System control number (Sirsi) u124898
100 ## - MAIN ENTRY--PERSONAL NAME
Personal name Murdoch, J.
245 ## - TITLE STATEMENT
Title Exceptionally dangerous
260 ## - PUBLICATION, DISTRIBUTION, ETC.
Date of publication, distribution, etc. 2004
490 ## - SERIES STATEMENT
Series statement Estates Gazette
Volume/sequential designation (0402) 10 January 2004, 91(1)
490 ## - SERIES STATEMENT
Series statement ENDS Report
Volume/sequential designation 347 December 2003, 65-66(2)
520 ## - SUMMARY, ETC.
Summary, etc. Discusses "Transco plc v Stockport MBC" ([2003] UKHL 61, Abs67286) in which the HL upheld the principle of strict liability for the escape of dangerous things as established in "Rylands v Fletcher"([1868] LR 3 HL 330). It is noted that strict liability in this context should only be where the use of land creates an exceptional risk.
590 ## - LOCAL NOTE (RLIN)
Local note ABS
650 ## - SUBJECT ADDED ENTRY--TOPICAL TERM
Topical term or geographic name entry element TRANSCO PLC V STOCKPORT MBC
650 ## - SUBJECT ADDED ENTRY--TOPICAL TERM
Topical term or geographic name entry element RYLANDS V FLETCHER
650 ## - SUBJECT ADDED ENTRY--TOPICAL TERM
Topical term or geographic name entry element STRICT LIABILITY
650 ## - SUBJECT ADDED ENTRY--TOPICAL TERM
Topical term or geographic name entry element NUISANCE
650 ## - SUBJECT ADDED ENTRY--TOPICAL TERM
Topical term or geographic name entry element NEGLIGENCE
650 ## - SUBJECT ADDED ENTRY--TOPICAL TERM
Topical term or geographic name entry element LEAKAGE
650 ## - SUBJECT ADDED ENTRY--TOPICAL TERM
Topical term or geographic name entry element SUBSIDENCE
650 ## - SUBJECT ADDED ENTRY--TOPICAL TERM
Topical term or geographic name entry element WATER PIPES
690 ## - LOCAL SUBJECT ADDED ENTRY--TOPICAL TERM (OCLC, RLIN)
Topical term or geographic name as entry element PROPERTY AND LAND LAW-CASE LAW
942 ## - ADDED ENTRY ELEMENTS (KOHA)
Suppress in OPAC 0
Holdings
Withdrawn status Lost status Source of classification or shelving scheme Damaged status Not for loan Home library Current library Shelving location Date acquired Total Checkouts Full call number Barcode Date last seen Copy number Price effective from Koha item type
    Dewey Decimal Classification     London London Journal article 23/01/2004   ABS67455 124898-1001 06/08/2019 1 06/08/2019 Journal article